00709nam a22001817a 4500010001500000020001100015035001400026037001300040082001200053100001800065245009400083260004500177270009200222300003000314942002600344999001900370952013800389 aENG-120674 c150.00 aEN-104206 bDBAD/PUB a686.225 aK.Kiran Kumar aDTP made easy :cby K.Kiran Kumarba simple book on page maker, photoshop and coraldraw / aHyderabadbSai Laasya Publicationsc2013 aFlot No. 102, Divya Sai Apartments, H.No. 1-9-285/9/1, Vidhya Nagar,bHyderabade500044 a234p. :b25cm(pbk).cill. 2ddccENh686.225mKIR c144613d144613 001040718NFICaDBADbDBADd2017-09-14eDBAD/PUBg150.00l0o686.225 KIRpEN-104206r2017-09-14 00:00:00t1v150.00w2017-09-14yEN